=LDR 00000nam 2200000 4500 =001 INLIS000000000022028 =005 20200430085706 =035 ##$$a 0010-061300000022028 =008 200430################g##########0#ind## =041 ##$$a Ind =082 ##$$a 2X2.6 =090 ##$$a 2X2.6, Kha h =245 1#$$a Memperbaiki kembali hubungan hamba dengan sang maha pencipta, (menurut petunjuk Nabi Saw ), /$c Khalid Muhammad Khalid =260 ##$$a Jakarta :$b pustaka arafah,$c 2001 =300 ##$$a 170 hlm, 20 cm ; $c 15 cm =650 #4$$a Tauhid =850 ##$$a NBPNMAT =084 ##$$a 2X2.6 KHA m =100 #$$a Khalid =250 ##$$a cet.1 =990 ##$$a 0001/BPAP-NTB/2016